| 000 | 00596nam a2200241 a 4500 | ||
|---|---|---|---|
| 001 | nice12345678 | ||
| 003 | IN_TiNIC | ||
| 005 | 20260116011508.0 | ||
| 008 | 050524s1967 laha grp 000 0 urd | ||
| 020 |
_a _c100 |
||
| 082 | 0 | 0 |
_a297.2 _bPAR1 |
| 100 | _aParviz, Ghulam Ahmad | ||
| 245 | _aJehad Ka Sahih Mafhoom | ||
| 260 |
_aLahore _bIdara Tulu-E-Islam _c1967 |
||
| 300 | _a151p | ||
| 500 | _aincludes index and biblioraphy | ||
| 505 | 2 | _aAppendix, Bibliography | |
| 650 | _aIslam-Doctrines | ||
| 700 | 1 | _aParviz, Ghulam Ahmad | |
| 902 | _bSRS | ||
| 942 | _cBK | ||
| 999 |
_c2038 _d2038 |
||